000 00468nam a2200169 i 4500
001 37056
003 ES-MaACL
005 20230906155508.0
007 t|
008 030220s1964 sp ||||1| spa d
100 1 _aBruguera, Justino.
_932104
245 1 0 _aMontserrat /
_cJustino Bruguera.
260 _aBarcelona :
_bPlaneta,
_c[1964]
300 _a79 p., 23 lám. :
_bil. ;
_c19 cm.
852 _aES-MaACL
_jF-9864
_bR.55084
852 _aES-MaACL
_jC-26067
_bR.54980
999 _c37056
_d37056